Statistiken für Top 100 Bundesliga-Marktwerte (2024)

Klicken Sie hier um das Quiz zu spielen!

Allgemein

  • Dieses Quiz wurde 191 mal gespielt
  • Das Durchschnittsergebnis liegt bei 46 aus 100

Antwortstatistiken

Marktwert in Mio.Antwort% Korrekt
110 MioKane
96%
55 MioKim
96%
110 MioMusiala
96%
110 MioWirtz
96%
70 MioSané
93%
45 MioGnabry
92%
60 MioKimmich
91%
30 MioGoretzka
86%
65 Miode Ligt
83%
50 MioFrimpong
83%
40 MioGuirassy
81%
30 MioSchlotterbeck
80%
60 MioDavies
79%
50 MioUpamecano
78%
40 MioBoniface
76%
45 MioGrimaldo
76%
15 MioFüllkrug
74%
40 MioKobel
74%
22 MioUndav
74%
40 MioTel
73%
40 MioBrandt
72%
65 MioComan
72%
80 MioSimons
71%
30 MioTah
71%
20 MioXhaka
70%
25 MioFührich
66%
25 MioSancho
66%
22 MioSchick
66%
22 MioSüle
66%
28 MioAdeyemi
65%
60 MioOpenda
64%
40 MioMalen
62%
14 MioMittelstädt
61%
40 MioTapsoba
61%
28 MioLaimer
57%
18 MioAnton
56%
14 MioHaller
56%
13 MioHofmann
53%
50 MioOlmo
53%
22 MioBoey
51%
40 MioPalacios
51%
25 MioPavlovic
51%
17 MioRaum
49%
20 MioSabitzer
49%
25 MioAdli
47%
30 MioMaatsen
47%
28 MioDemirovic
46%
30 MioMazraoui
46%
20 MioHenrichs
45%
25 MioMoukoko
45%
23 MioTella
45%
15 MioBeste
44%
15 MioRyerson
44%
18 MioStiller
44%
35 MioKossounou
42%
18 MioStanisic
41%
20 MioWind
41%
35 MioHincapie
39%
24 MioBeier
38%
30 MioMillot
37%
40 MioSesko
37%
35 MioSimakan
37%
28 MioBynoe-Gittens
36%
28 MioSchlager
36%
15 MioGinter
34%
22 MioMarmoush
33%
13 MioÖzcan
31%
17 MioHaidara
30%
25 MioIto
29%
40 MioLukeba
29%
20 MioBaumgartner
27%
18 MioKoch
27%
20 MioLacroix
27%
25 MioKoné
26%
30 MioPacho
24%
13 MioSkhiri
24%
15 MioEkitiké
21%
28 MioLarsson
21%
15 MioDoan
18%
25 MioMajer
18%
15 MioGuerreiro
17%
16 MioSeiwald
17%
15 MioStach
17%
14 MioEbimbe
16%
15 MioItakura
16%
18 MioWimmer
14%
20 MioLienhart
13%
18 MioChaïbi
12%
17 MioDoekhi
12%
14 MioWöber
12%
15 MioSallai
11%
14 MioAaronson
10%
15 MioLeite
9%
14 MioMaehle
9%
15 MioSvanberg
7%
14 MioBarreiro
6%
24 MioElmas
6%
18 MioSildillia
6%
12 MioBitshiabu
5%
25 MioF. Nmecha
1%

Verteilung der Resultate

Perzentil nach korrekt beantworteten Fragen

Anzahl Personen mit jedem Resultat

Ihre Resultats-Entwicklung

Sie haben dieses Quiz noch nicht gespielt